00499nam a2200181Ia 4500999001700000003000400017005001700021008004100038020001500079040001800094082001900112100003200131245005600163260003500219300000900254650001000263942004400273 c16248d16248OSt20200606115903.0190216s9999||||xx |||||||||||||| ||und|| a8186747087 cMESKC library a891.434bSAR/N aSarwade, Vishnu Ranaba9407 0aNibandhakar Jainendr Kumar /cVishnu Ranaba Sarwade bAnga Prakashan,aDelhi:c2001. a262p aHindi cBK2ddch891.434iSAR/Nk891.434mSAR/N